[Event "Nordic Youth CC 2020 - U13"]
[Site "Fredericia"]
[Date "2020.02.16"]
[Round "4.22"]
[White "Hakkinen, Aleksandr"]
[Black "Religa, Marek"]
[Result "0-1"]
[WhiteElo "1572"]
[BlackElo "1471"]
[PlyCount "174"]
[EventDate "2020.02.??"]
[EventType "swiss"]
[EventRounds "6"]
[EventCountry "DEN"]

1. d4 g6 2. Bf4 d6 3. Nf3 Nd7 4. e4 Bg7 5. c3 Rb8 6. h4 h6 7. e5 b5 8. Qc2 Bb7
9. e6 Nf8 10. Bxb5+ c6 11. exf7+ Kxf7 12. Bc4+ Ke8 13. Bd3 Kf7 14. Nbd2 Qb6 15.
g4 Ba6 16. Bxa6 Qxa6 17. g5 Ne6 18. Be3 hxg5 19. Nxg5+ Nxg5 20. Bxg5 Bf6 21.
Rg1 Bxg5 22. Rxg5 Rh6 23. a3 Rb5 24. Ne4 Rxg5 25. Nxg5+ Kg7 26. Nf3 Qc4 27.
O-O-O Nf6 28. Re1 Qf7 29. Ng5 Qe8 30. Qe2 Ng8 31. Ne6+ Kh8 32. Qg4 Qf7 33. f4
Qf5 34. Qxf5 gxf5 35. Rh1 Rxe6 36. h5 Kh7 37. Rg1 Re4 38. Rf1 Re2 39. a4 Nf6
40. h6 Kxh6 41. b4 Ra2 42. Kb1 Rxa4 43. Kb2 Ne4 44. Rh1+ Kg6 45. Rh8 Ra6 46.
Re8 Kf6 47. Rf8+ Ke6 48. Ra8 Nf6 49. Rh8 Rb6 50. Kc2 Ra6 51. Kb2 Kd5 52. Rf8
Rb6 53. Kc2 Rb7 54. Kd3 c5 55. c4+ Kc6 56. b5+ Kc7 57. d5 Rb8 58. Rf7 Kd7 59.
Rg7 Rg8 60. Rg5 Rxg5 61. fxg5 Nh5 62. Ke3 e6 63. dxe6+ Kxe6 64. Kf3 Ke5 65. Ke3
f4+ 66. Kf3 Kf5 67. g6 Kxg6 68. Ke4 Kf6 69. Kd5 f3 70. Kxd6 f2 71. Kxc5 f1=Q
72. Kd5 Qd3+ 73. Kc5 Nf4 74. Kb4 Ne6 75. c5 Nd4 76. c6 Qxb5+ 77. Kc3 Qxc6+ 78.
Kd3 Qc2+ 79. Ke3 a5 80. Kf4 a4 81. Ke3 a3 82. Kf4 a2 83. Kg3 a1=R 84. Kf4 Qe2
85. Kg3 Qf3+ 86. Kh2 Ra2+ 87. Kg1 Qd1# 0-1

[Event "Nordic Youth CC 2020 - U13"]
[Site "Fredericia"]
[Date "2020.02.16"]
[Round "4.23"]
[White "Wahlgreen, Noah Krug"]
[Black "Nordquelle, Amelia"]
[Result "1-0"]
[WhiteElo "1765"]
[BlackElo "1768"]
[PlyCount "111"]
[EventDate "2020.02.??"]
[EventType "swiss"]
[EventRounds "6"]
[EventCountry "DEN"]

1. d4 d5 2. Nc3 Nf6 3. Bf4 c5 4. e3 Nc6 5. Nb5 e5 6. Bxe5 Nxe5 7. dxe5 Ne4 8.
Qxd5 Bf5 9. Bc4 Qxd5 10. Nc7+ Kd7 11. Nxd5 Kc6 12. f3 Rd8 13. fxe4 Bxe4 14.
Bb5+ Kxd5 15. O-O-O+ Ke6 16. Rxd8 Bxg2 17. Nf3 Bxh1 18. Ng5+ Kf5 19. Nxf7 Rg8
20. Bc4 g6 21. Bd3+ Ke6 22. Ng5+ Ke7 23. Rc8 h6 24. Bc4 Rg7 25. Rc7+ Ke8 26.
Bf7+ Rxf7 27. Nxf7 Bc6 28. Nd6+ Kd8 29. Rf7 Be7 30. Rg7 g5 31. Kd2 b5 32. Nf5
Bf8 33. Rxa7 Bd7 34. Ra8+ Bc8 35. e6 Kc7 36. e7 Bxe7 37. Nxe7 Bg4 38. Ra6 h5
39. Nd5+ Kd8 40. Rd6+ Kc8 41. Rg6 Bf3 42. Rxg5 Kb7 43. Nf4 h4 44. Rxc5 Kb6 45.
b4 Ka7 46. Kc3 Bg4 47. Kd4 h3 48. Ke5 Ka6 49. Kd6 Bf3 50. Kc7 Bb7 51. Nd5 Ba8
52. a4 Ka7 53. Rxb5 Bb7 54. Ra5+ Ba6 55. b5 Ka8 56. Rxa6# 1-0

[Event "Nordic Youth CC 2020 - U13"]
[Site "Fredericia"]
[Date "2020.02.16"]
[Round "4.24"]
[White "Petersen, Elias"]
[Black "Davidsen, Rokur"]
[Result "1-0"]
[WhiteElo "1151"]
[BlackElo "1124"]
[PlyCount "45"]
[EventDate "2020.02.??"]
[EventType "swiss"]
[EventRounds "6"]
[EventCountry "DEN"]

1. e4 e5 2. Nf3 Nc6 3. Bc4 d6 4. h3 f5 5. d3 Nf6 6. Nc3 fxe4 7. dxe4 b6 8. Bg5
Bb7 9. Nd5 h6 10. Bxf6 gxf6 11. O-O Bg7 12. Nh4 Ne7 13. Nxe7 Qxe7 14. Nf5 Qd7
15. Qd3 a6 16. f4 c6 17. Nxd6+ Kf8 18. fxe5 b5 19. Bb3 c5 20. c4 b4 21. exf6
Rg8 22. fxg7+ Kxg7 23. Rf7+ 1-0

[Event "Nordic Youth CC 2020 - U13"]
[Site "Fredericia"]
[Date "2020.02.15"]
[Round "5.19"]
[White "Skarphedinsson, Ingvar Wu"]
[Black "Trost, Edvin"]
[Result "0-1"]
[WhiteElo "1484"]
[BlackElo "2153"]
[PlyCount "60"]
[EventDate "2020.02.??"]
[EventType "swiss"]
[EventRounds "6"]
[EventCountry "DEN"]

1. e4 c6 2. d4 d5 3. exd5 cxd5 4. Bd3 Nc6 5. c3 Qc7 6. Ne2 Bg4 7. O-O e6 8. Qc2
Bd6 9. g3 Nge7 10. Bf4 Bxe2 11. Qxe2 Bxf4 12. gxf4 Qxf4 13. Kh1 Ng6 14. Rg1 O-O
15. Rg4 Qc1+ 16. Rg1 Qf4 17. Rg4 Qf6 18. Bxg6 hxg6 19. Na3 e5 20. dxe5 Nxe5 21.
Rg3 Nc6 22. Kg2 d4 23. Qg4 dxc3 24. Rxc3 Rad8 25. Nb1 Rfe8 26. a3 Re1 27. Qa4
Rdd1 28. Qb3 Rg1+ 29. Kh3 Qf5+ 30. Kh4 Qh5# 0-1

[Event "Nordic Youth CC 2020 - U13"]
[Site "Fredericia"]
[Date "2020.02.15"]
[Round "5.20"]
[White "Eliseev, Sergey"]
[Black "Gudmundsson, Gunnar Erik"]
[Result "1-0"]
[WhiteElo "1947"]
[BlackElo "1770"]
[PlyCount "87"]
[EventDate "2020.02.??"]
[EventType "swiss"]
[EventRounds "6"]
[EventCountry "DEN"]

1. d4 Nf6 2. c4 e6 3. g3 d5 4. Bg2 b6 5. Nf3 Bb7 6. O-O Be7 7. Qc2 O-O 8. Bf4
Na6 9. a3 c5 10. Rd1 Ne4 11. Nc3 f5 12. h4 Rc8 13. dxc5 Naxc5 14. Nb5 a5 15. b3
Qe8 16. Nfd4 Qd7 17. Be5 Bf6 18. Nf3 Qe7 19. Qb2 Nd7 20. Bxf6 Ndxf6 21. Qd4 Ng4
22. Qxb6 Nexf2 23. Nfd4 e5 24. Qe6+ Qxe6 25. Nxe6 Nxd1 26. Nxf8 Nde3 27. Nd6
Rc7 28. Ne6 Rd7 29. Nxb7 Rxb7 30. Bxd5 Nxd5 31. cxd5 Rd7 32. Rd1 Ne3 33. Rd3
Nxd5 34. Nc5 Rd6 35. Nb7 Rd7 36. Nxa5 e4 37. Rd4 Kf7 38. b4 Ke6 39. Rc4 Kd6 40.
Rc6+ Ke5 41. Rc5 Kd4 42. Kf2 e3+ 43. Kf3 f4 44. Nc6# 1-0

[Event "Nordic Youth CC 2020 - U13"]
[Site "Fredericia"]
[Date "2020.02.15"]
[Round "5.21"]
[White "Falkesgaard, Jeppe Hald"]
[Black "Religa, Marek"]
[Result "1/2-1/2"]
[WhiteElo "1936"]
[BlackElo "1471"]
[PlyCount "226"]
[EventDate "2020.02.??"]
[EventType "swiss"]
[EventRounds "6"]
[EventCountry "DEN"]

1. d4 Nf6 2. c4 e5 3. dxe5 Ng4 4. Nf3 Bc5 5. e3 Nc6 6. Be2 O-O 7. O-O Re8 8. b3
Ngxe5 9. Bb2 a5 10. Nbd2 Ra6 11. Ne4 Nxf3+ 12. Bxf3 Bf8 13. Ng3 Bd6 14. Nh5 Be5
15. Qd2 Bxb2 16. Qxb2 Qg5 17. Ng3 Ne5 18. Bd5 Ng4 19. h3 Nf6 20. Bf3 d5 21.
Rad1 c6 22. Rd4 Ne4 23. Bxe4 dxe4 24. Rxe4 Rxe4 25. Nxe4 Qe7 26. Qd4 Ra8 27.
Rd1 Bf5 28. Nd6 Bc8 29. Qb6 a4 30. bxa4 h5 31. Nxc8 Rxc8 32. Qd4 Qa3 33. Qd7
Ra8 34. Qxb7 Qxa4 35. Rd7 Rf8 36. Qb3 Ra8 37. Qxa4 Rxa4 38. Rc7 Rxc4 39. g3 Rc2
40. a4 Ra2 41. Rxc6 Rxa4 42. Kg2 g6 43. Rd6 Kg7 44. Rd4 Ra1 45. Kf3 Rh1 46. h4
Rf1 47. Rd2 Kf6 48. Kf4 Ra1 49. Rd6+ Kg7 50. e4 Rf1 51. f3 Rg1 52. e5 Re1 53.
Rd4 Ra1 54. Re4 Ra6 55. Re3 Kh6 56. Rd3 Kg7 57. Rd6 Ra4+ 58. Ke3 Ra1 59. Ke4
Re1+ 60. Kf4 Re2 61. Rd4 Ra2 62. Rd3 Ra4+ 63. Ke3 Ra1 64. f4 Ra4 65. Kf3 Ra6
66. g4 hxg4+ 67. Kxg4 Ra4 68. Rh3 Ra1 69. h5 Rg1+ 70. Kf3 Rf1+ 71. Ke3 Ra1 72.
Rh2 Ra3+ 73. Ke4 Ra4+ 74. Kf3 Ra1 75. hxg6 Kxg6 76. Rg2+ Kf5 77. Rg5+ Ke6 78.
Rg2 Kf5 79. Rg5+ Ke6 80. Rh5 Rf1+ 81. Ke3 Re1+ 82. Kf2 Ra1 83. Rh6+ Ke7 84. Kf3
Rg1 85. Ke4 Re1+ 86. Kf5 Re2 87. Ra6 Rf2 88. Ra7+ Kf8 89. Kg5 Rg2+ 90. Kf6 Rg6+
91. Kf5 Rb6 92. Ra4 Kg7 93. Ke4 Kg6 94. Rd4 Kg7 95. f5 Kf8 96. Kf4 Ke7 97. Ra4
Rb7 98. Ra6 Rc7 99. f6+ Ke8 100. Kf5 Rc1 101. Ra4 Kd7 102. Rd4+ Ke8 103. Ke4
Ra1 104. Rc4 Kd7 105. Rd4+ Ke8 106. Rb4 Rd1 107. Rd4 Ra1 108. Kd5 Kd7 109. Ke4+
Ke8 110. Rd6 Re1+ 111. Kd5 Rd1+ 112. Kc6 Rc1+ 113. Kb7 Rc5 1/2-1/2

[Event "Nordic Youth CC 2020 - U13"]
[Site "Fredericia"]
[Date "2020.02.15"]
[Round "5.22"]
[White "Nordquelle, Amelia"]
[Black "Koota, Ilkka"]
[Result "0-1"]
[WhiteElo "1768"]
[BlackElo "1798"]
[PlyCount "56"]
[EventDate "2020.02.??"]
[EventType "swiss"]
[EventRounds "6"]
[EventCountry "DEN"]

1. d4 d5 2. c4 e6 3. Nc3 c5 4. cxd5 exd5 5. Nf3 Nc6 6. e3 Nf6 7. a3 Be7 8. dxc5
Bxc5 9. b4 Bb6 10. Bb5 O-O 11. O-O Bg4 12. h3 Bh5 13. Na4 Ne4 14. Bb2 Bc7 15.
g4 Bg6 16. Rc1 Ng5 17. Nxg5 Qxg5 18. Bxc6 bxc6 19. Rxc6 Rac8 20. f4 Qh4 21.
Qxd5 Qg3+ 22. Kh1 Qxh3+ 23. Kg1 Qxe3+ 24. Rf2 Be4 25. Qg5 Qe1+ 26. Kh2 Qxf2+
27. Kh3 Qg2+ 28. Kh4 Qh2# 0-1

[Event "Nordic Youth CC 2020 - U13"]
[Site "Fredericia"]
[Date "2020.02.15"]
[Round "5.23"]
[White "Petersen, Elias"]
[Black "Wahlgreen, Noah Krug"]
[Result "0-1"]
[WhiteElo "1151"]
[BlackElo "1765"]
[PlyCount "80"]
[EventDate "2020.02.??"]
[EventType "swiss"]
[EventRounds "6"]
[EventCountry "DEN"]

1. e4 c6 2. d4 d5 3. Nc3 dxe4 4. Nxe4 Nf6 5. Nxf6+ exf6 6. c3 Bd6 7. Qc2 O-O 8.
Bd3 h6 9. Be3 Re8 10. Nf3 Qc7 11. O-O-O Be6 12. Bf5 Nd7 13. Bxe6 Rxe6 14. Rhg1
Rae8 15. Rde1 b5 16. d5 cxd5 17. Nd4 Rxe3 18. Rxe3 Bf4 19. Rge1 Bxe3+ 20. Rxe3
Rxe3 21. fxe3 Qxh2 22. Qd2 a6 23. Nc6 Qd6 24. Nb4 Nb6 25. b3 a5 26. Nc2 Qc7 27.
Qd3 Qc5 28. Qd2 g6 29. Qe1 Kg7 30. Qd2 f5 31. Qd3 h5 32. Kd2 Kh6 33. Qf1 Nd7
34. g3 Kg7 35. Qf4 Nf6 36. Qe5 b4 37. c4 Qc6 38. Nd4 Qc8 39. cxd5 Qc5 40. d6
Qxe5 0-1

[Event "Nordic Youth CC 2020 - U13"]
[Site "Fredericia"]
[Date "2020.02.15"]
[Round "5.24"]
[White "Davidsen, Rokur"]
[Black "Hakkinen, Aleksandr"]
[Result "0-1"]
[WhiteElo "1124"]
[BlackElo "1572"]
[PlyCount "36"]
[EventDate "2020.02.??"]
[EventType "swiss"]
[EventRounds "6"]
[EventCountry "DEN"]

1. e4 d5 2. exd5 Qxd5 3. Nf3 Nf6 4. Nc3 Qa5 5. Bc4 Bg4 6. O-O e6 7. d4 c6 8.
Bd2 Qc7 9. Nb1 Bd6 10. Be2 Bxf3 11. Bxf3 Bxh2+ 12. Kh1 Bf4 13. Bxf4 Qxf4 14.
Be2 h5 15. Kg1 Qh4 16. g3 Qh3 17. Bf3 Ng4 18. Re1 Qh2+ 0-1

[Event "Nordic Youth CC 2020 - U13"]
[Site "Fredericia"]
[Date "2020.02.16"]
[Round "6.19"]
[White "Trost, Edvin"]
[Black "Koota, Ilkka"]
[Result "0-1"]
[WhiteElo "2153"]
[BlackElo "1798"]
[PlyCount "86"]
[EventDate "2020.02.??"]
[EventType "swiss"]
[EventRounds "6"]
[EventCountry "DEN"]

1. Nf3 d5 2. e3 c5 3. b3 Nc6 4. Bb2 Nf6 5. c4 d4 6. exd4 cxd4 7. d3 e5 8. g3
Bc5 9. Bg2 O-O 10. O-O Re8 11. a3 a5 12. Ng5 h6 13. Ne4 Nxe4 14. Bxe4 f5 15.
Bd5+ Be6 16. Bxe6+ Rxe6 17. Qf3 Qg5 18. Qd5 Qe7 19. g4 Rd8 20. Qf3 e4 21. Qxf5
e3 22. Bc1 Rf6 23. Qe4 Qxe4 24. dxe4 e2 25. Re1 d3 26. Bd2 Bxf2+ 27. Kg2 Bxe1
28. Bxe1 Rf1 29. Nd2 Rdf8 30. Rb1 Nd4 31. Bg3 Rxb1 32. Nxb1 Rf1 33. Nd2 e1=Q
34. Nxf1 Qe2+ 35. Bf2 d2 36. Nxd2 Qxd2 37. Kg3 Qe2 38. Bxd4 Qd3+ 39. Kf4 Qxd4
40. g5 hxg5+ 41. Kf5 Qf6+ 42. Kg4 Qf4+ 43. Kh5 Kh7 0-1

[Event "Nordic Youth CC 2020 - U13"]
[Site "Fredericia"]
[Date "2020.02.16"]
[Round "6.20"]
[White "Wahlgreen, Noah Krug"]
[Black "Eliseev, Sergey"]
[Result "1/2-1/2"]
[WhiteElo "1765"]
[BlackElo "1947"]
[PlyCount "94"]
[EventDate "2020.02.??"]
[EventType "swiss"]
[EventRounds "6"]
[EventCountry "DEN"]

1. d4 Nf6 2. Nc3 d5 3. Bf4 e6 4. e3 Bb4 5. Nge2 Ne4 6. f3 Nxc3 7. Nxc3 c5 8. a3
Bxc3+ 9. bxc3 c4 10. h4 Nd7 11. e4 Nb6 12. Qd2 Na4 13. Rb1 Qe7 14. Ra1 Bd7 15.
g3 Bc6 16. Bg2 b5 17. O-O Rd8 18. Qe3 Rd7 19. Kf2 Rb7 20. Rh1 Rb6 21. g4 Ra6
22. g5 Nb6 23. Qc1 f6 24. gxf6 gxf6 25. e5 fxe5 26. Bxe5 Rg8 27. Qf4 Qf7 28.
Qe3 Qg6 29. Bh3 Qxc2+ 30. Qe2 Qxe2+ 31. Kxe2 Nd7 32. Bd6 Kf7 33. Kf2 Nf6 34.
Rae1 Bd7 35. Bc5 Nh5 36. Ke3 Rc6 37. Bxa7 Rcc8 38. Rhg1 Rg6 39. Rg5 Rxg5 40.
hxg5 Rg8 41. f4 Ng3 42. Bc5 Ne4 43. Bb4 h6 44. Bg2 Ng3 45. gxh6 Nf5+ 46. Kf2
Nxh6 47. Bxd5 Ng4+ 1/2-1/2

[Event "Nordic Youth CC 2020 - U13"]
[Site "Fredericia"]
[Date "2020.02.16"]
[Round "6.21"]
[White "Religa, Marek"]
[Black "Skarphedinsson, Ingvar Wu"]
[Result "1-0"]
[WhiteElo "1471"]
[BlackElo "1484"]
[PlyCount "57"]
[EventDate "2020.02.??"]
[EventType "swiss"]
[EventRounds "6"]
[EventCountry "DEN"]

1. e4 e5 2. Nf3 Nc6 3. Bc4 Bc5 4. O-O Nf6 5. d4 Bxd4 6. Nxd4 Nxd4 7. f4 Qe7 8.
fxe5 Qxe5 9. Bf4 Qc5 10. Bxf7+ Kxf7 11. Be3 Qe5 12. Bxd4 Qxe4 13. Nc3 Qc6 14.
Qh5+ Ke7 15. Rae1+ Kd8 16. Qf7 Qd6 17. Nb5 Qf8 18. Rxf6 Qxf7 19. Rxf7 c6 20.
Bxa7 Rxa7 21. Nxa7 Rg8 22. Nxc8 Kxc8 23. Ree7 Rd8 24. Rxg7 d5 25. Rxb7 Re8 26.
Rgc7+ Kd8 27. Rb8+ Kxc7 28. Rxe8 Kd7 29. Re2 1-0

[Event "Nordic Youth CC 2020 - U13"]
[Site "Fredericia"]
[Date "2020.02.16"]
[Round "6.22"]
[White "Hakkinen, Aleksandr"]
[Black "Falkesgaard, Jeppe Hald"]
[Result "0-1"]
[WhiteElo "1572"]
[BlackElo "1936"]
[PlyCount "72"]
[EventDate "2020.02.??"]
[EventType "swiss"]
[EventRounds "6"]
[EventCountry "DEN"]

1. d4 Nf6 2. Bf4 g6 3. Nc3 d5 4. e3 Bg7 5. Nf3 O-O 6. Be2 c5 7. h4 Nc6 8. Ne5
h6 9. g4 cxd4 10. exd4 Nd7 11. Nxc6 bxc6 12. Be3 Rb8 13. Rb1 Qa5 14. Kf1 Ba6
15. Qd2 Bxe2+ 16. Kxe2 Kh7 17. f4 Rfd8 18. h5 c5 19. g5 Qa6+ 20. Kf2 cxd4 21.
Bxd4 e5 22. fxe5 Qe6 23. Qf4 Rb4 24. Rbe1 Rxb2 25. Re2 Rb4 26. Qd2 Qg4 27.
hxg6+ fxg6 28. Ne4 Qf5+ 29. Ke1 Rb1+ 30. Qd1 Rxd1+ 31. Kxd1 dxe4 32. gxh6 Bxe5
33. Bxe5 Nxe5+ 34. Kc1 Qf3 35. Rhe1 Qa3+ 36. Kb1 Rb8+ 0-1

[Event "Nordic Youth CC 2020 - U13"]
[Site "Fredericia"]
[Date "2020.02.16"]
[Round "6.23"]
[White "Gudmundsson, Gunnar Erik"]
[Black "Davidsen, Rokur"]
[Result "1-0"]
[WhiteElo "1770"]
[BlackElo "1124"]
[PlyCount "45"]
[EventDate "2020.02.??"]
[EventType "swiss"]
[EventRounds "6"]
[EventCountry "DEN"]

1. d4 d5 2. c4 c6 3. Nc3 e6 4. Nf3 Nf6 5. e3 Be7 6. Qc2 O-O 7. Bd3 h6 8. O-O
Nbd7 9. e4 dxe4 10. Nxe4 b6 11. Be3 Bb7 12. Rad1 Qc8 13. c5 Ba6 14. Nxf6+ Nxf6
15. Ne5 Bxd3 16. Rxd3 Qc7 17. cxb6 axb6 18. Nxc6 Rxa2 19. Rc3 Raa8 20. Ne5 Qb8
21. h3 Rc8 22. Nc6 Qb7 23. Nxe7+ 1-0

[Event "Nordic Youth CC 2020 - U13"]
[Site "Fredericia"]
[Date "2020.02.16"]
[Round "6.24"]
[White "Nordquelle, Amelia"]
[Black "Petersen, Elias"]
[Result "1-0"]
[WhiteElo "1768"]
[BlackElo "1151"]
[PlyCount "85"]
[EventDate "2020.02.??"]
[EventType "swiss"]
[EventRounds "6"]
[EventCountry "DEN"]

1. d4 d5 2. c4 e6 3. Nc3 Nf6 4. Nf3 Bb4 5. Qa4+ Nc6 6. Ne5 Bd7 7. Nxd7 Qxd7 8.
a3 Bxc3+ 9. bxc3 O-O 10. e3 Rfe8 11. Be2 Rad8 12. Rb1 Ne4 13. Qc2 b6 14. O-O
Ne7 15. f3 Nf6 16. e4 h6 17. cxd5 exd5 18. e5 Nh7 19. Bd3 Nf8 20. Be3 Rc8 21.
Ba6 Rb8 22. Bd3 Rbc8 23. Rbe1 c5 24. Qb1 cxd4 25. Bb5 Nc6 26. cxd4 Qb7 27. f4
a6 28. Ba4 b5 29. f5 Qd7 30. Bc2 Ne7 31. f6 gxf6 32. exf6 Neg6 33. Bf5 Qd6 34.
Bxc8 Rxc8 35. Qf5 Re8 36. Qh5 Qxa3 37. Qxh6 Ne6 38. h4 b4 39. h5 Ngf8 40. Rf3
Qc3 41. Ref1 Qd3 42. Rg3+ Ng6 43. hxg6 1-0